Women's liberation and human rights / (Record no. 65914)

MARC details
000 -LEADER
fixed length control field 00571nam a22001577a 4500
005 - DATE AND TIME OF LATEST TRANSACTION
control field 20120501144946.0
020 ## - INTERNATIONAL STANDARD BOOK NUMBER
International Standard Book Number 8171322522
Terms of availability 00.00
035 ## - SYSTEM CONTROL NUMBER
System control number B-42565
037 ## - SOURCE OF ACQUISITION
Stock number DPL
Source of stock number/acquisition ENG
100 ## - MAIN ENTRY--PERSONAL NAME
Personal name Sahu, Asima
245 ## - TITLE STATEMENT
Title Women's liberation and human rights /
Statement of responsibility, etc by Asima Sahu
260 ## - PUBLICATION, DISTRIBUTION, ETC. (IMPRINT)
Place of publication, distribution, etc Jaipur
Name of publisher, distributor, etc Pointer Publishers
Date of publication, distribution, etc 2000
300 ## - PHYSICAL DESCRIPTION
Extent v, 216p.
Dimensions 20 cms.
942 ## - ADDED ENTRY ELEMENTS (KOHA)
Source of classification or shelving scheme Dewey Decimal Classification
Item type English Books
Classification part 323.34
Call number suffix SAH
Holdings
Withdrawn status Lost status Not for loan Collection code Home library Current library Date acquired Cost, normal purchase price Full call number Barcode Cost, replacement price Koha item type
      Non-fiction Sarojini Nagar Sarojini Nagar 01/05/2012 0.00 323.34 SAH B-42565 0.00 English Books

© Delhi Public Library
Hit Counter
free hit counter